000 00750nam a2200229 a 4500
005 20140310183340.0
008 061130s19uu xx 00 eng d
020 _a0-205-41822-8
050 _aHV 6626.2
_b.W35 2005
100 _aWallace, Harvey
245 _aFamily violence :
_blegal, medical, and social perspectives.
250 _a4th ed.
260 _aU.S.A :
_bPearson Education Inc,
_c2005.
300 _a422 p. :
_bcol. ill. ;
_c26 cm.
521 _aNUR
650 _aFamily violence
_xUnited States.
650 _aFamily social work
_xUnited States.
650 _aFamily violence
_xLaw and legislation
_xUnited States.
650 _aVictims of family violence
_xMental health
_xUnited States.
942 _cBK
_2lcc
_kFOR
999 _c21790
_d21790